书目信息 |
| 题名: |
古代寓言选注
|
|
| 作者: | 张敏民 , 席金友 选注 | |
| 分册: | ||
| 出版信息: | 呼和浩特 内蒙古人民出版社 1979 |
|
| 页数: | 190页 | |
| 开本: | 19cm | |
| 丛书名: | ||
| 单 册: | ||
| 中图分类: | I276.4 , H159 | |
| 科图分类: | ||
| 主题词: | 寓言--中国--古代--选集 , 汉语--翻译 | |
| 电子资源: | ||
| ISBN: | ||
| 000 | 00679nam0 2200253 45 | |
| 001 | 1571521250 | |
| 005 | 20150120195304.23 | |
| 010 | @dCNY0.53 | |
| 091 | @aCN@b9089.16 | |
| 100 | @a19950810d1979 cemy0chiy0121 ea | |
| 101 | 0 | @achi |
| 102 | @aCN@b150000 | |
| 105 | @ay z 000zy | |
| 200 | 10 | @a古代寓言选注@Agu dai yu yan xuan zhu@f张敏民,席金友选注 |
| 210 | @a呼和浩特@c内蒙古人民出版社@d1979 | |
| 215 | @a190页@d19cm | |
| 606 | @a寓言@y中国@z古代@x选集 | |
| 606 | 0 | @a汉语@x翻译 |
| 690 | @aI276.4@v3 | |
| 690 | @aH159@v4 | |
| 701 | 0 | @a张敏民@Azhang min min@4选注 |
| 701 | 0 | @a席金友@Axi jin you@4选注 |
| 801 | 0 | @aCN@bTSSF@c20150120 |
| 905 | @aZUCC@dH159@eJY83 | |
| 古代寓言选注/张敏民,席金友选注.-呼和浩特:内蒙古人民出版社,1979 |
| 190页;19cm |
| ISBN :CNY0.53 |
| ● |
| 相关链接 |
|
|
|
|
正题名:古代寓言选注
索取号:H159/JY83
 
预约/预借
| 序号 | 登录号 | 条形码 | 馆藏地/架位号 | 状态 | 备注 |
| 1 | 7850307 | 278503077 | 学院路分馆/ [索取号:H159/JY83] | 在馆 | |
| 2 | 7850308 | 278503086 | 学院路分馆/ [索取号:H159/JY83] | 在馆 | |
| 3 | 7850309 | 278503095 | 学院路分馆/ [索取号:H159/JY83] | 在馆 | |
| 4 | 7850310 | 278503102 | 学院路分馆/ [索取号:H159/JY83] | 在馆 |